| 000 | 01413cam a22001934a 4500 | ||
|---|---|---|---|
| 005 | 20250605164044.0 | ||
| 008 | 250528s ||||||||||||||||||||||||d | ||
| 035 | _a17073 | ||
| 020 | _a397509669 | ||
| 040 |
_aGR-AtMCL _bgre _dGR-AtMCL _eAACR2 |
||
| 245 | 1 | _aHuman Behavior / An Introduction for Medical Students | |
| 260 |
_bJ.B. Lippincott Company, _c1990 |
||
| 300 | _a378 | ||
| 520 | _aThis book seeks to redress the balance by providing the reader with a sound informational framework on human behavior in illness and health - and applies this knowledge to compassionate care of the patient. The Biopsychological Model, The Biopsychological Model in Medical Practice, Culture and Ethnicity and Behavior and the Practice of Medicine, Two Fundamental Psychological Theories of Human Behavior, Psychoanalytic Psychology, Behavioral and Social Learning Psychology, Human Development, Human Sexual Development and Physiology, Childhood and Adolescent Development, Adult Development, The Family in Human Development and Medical Practice, The Behavioral and Psychobiologic Effects of Developmental Trauma, Biological Basis of Behavior, Ethology and Human Behavior, Neuro biologic Aspects of Behavior, Behavioral Genetics, Clinical Applications, Supportive Psychologic Care of the Medically III, Appendices, Index. | ||
| 700 | 1 |
_aStoudemire Alan _93206 |
|
| 942 | _cBK | ||
| 999 |
_c2513 _d2513 |
||